000 00461nam a2200193Ia 4500
003 OSt
005 20251010110834.0
008 250729s2005 xx 000 0 und d
020 _a978-8171699797
040 _cAL
041 _aeng
082 _a930.7 RAMT
100 _aRama S
_9222925
245 _aTeaching of history
260 _aNew Delhi
_bCommonwealth Publishers
_c2005
300 _a219p
650 _aSocial Studies
_9222926
942 _2ddc
_cBED
999 _c235671
_d235671